Statistics for Countries bordering Most Monarchies

Click here to take the quiz!

General Stats

  • This quiz has been taken 77 times
  • The average score is 10 of 14

Answer Stats

# Country % Correct
6France
92%
4Germany
91%
3Spain
82%
5Saudi Arabia
80%
2Belgium
80%
2United Arab Emirates
74%
2Oman
71%
2Yemen
68%
2Finland
68%
2Laos
62%
2Malaysia
62%
3Iraq
59%
2South Africa
58%
2Thailand
55%

Score Distribution

Percentile by Number Answered

Percent of People with Each Score

Your Score History

You have not taken this quiz